[Event "ch-FRA Playoff"]
[Site "Aix les Bains FRA"]
[Date "2003.08.30"]
[Round "5"]
[White "Lautier,J"]
[Black "Sokolov,And1"]
[Result "1-0"]
[WhiteElo "2677"]
[BlackElo "2554"]

1.d4 Nf6 2.c4 e6 3.Nf3 b6 4.g3 Ba6 5.Qb3 Be7 6.Nc3 O-O 7.e4 Bb7 8.d5 exd5
9.exd5 c6 10.Bg2 Na6 11.O-O Nc5 12.Qd1 cxd5 13.cxd5 Nce4 14.Nh4 Nxc3 15.bxc3 Bc5
16.Nf5 Re8 17.c4 d6 18.Bb2 Bc8 19.Nd4 Bxd4 20.Qxd4 Ba6 21.a4 Rc8 22.Rfc1 h6
23.h3 Re7 24.a5 bxa5 25.c5 dxc5 26.Rxc5 Rxc5 27.Qxc5 Rb7 28.Bd4 Rb5 29.Qc6 Qc8
30.Bxf6 Qxc6 31.dxc6 gxf6 32.Bf1 Rb6 33.Bxa6  1-0

[Event "Corsica Masters KO"]
[Site "Bastia FRA"]
[Date "2003.11.01"]
[Round "1.1"]
[White "Lautier,J"]
[Black "Epishin,V"]
[Result "1-0"]
[WhiteElo "2666"]
[BlackElo "2658"]

1.d4 Nf6 2.c4 c6 3.Nc3 d5 4.Nf3 a6 5.c5 g6 6.h3 Bg7 7.Bf4 O-O 8.e3 b5 9.cxb6 Qxb6
10.Qb3 Qa7 11.Bd3 c5 12.Nxd5 Nxd5 13.Qxd5 Be6 14.Qxc5 Qxc5 15.dxc5 Nc6 16.O-O Rfd8
17.Be4 Rac8 18.Rad1 Rxd1 19.Rxd1 Bxb2 20.Rb1 Ba3 21.Nd4 Bxa2 22.Rb6 Nb4 23.c6 Bd5
24.Bxd5 Nxd5 25.Rxa6 Bb2 26.Nb5 Nb4 27.Na7 Nxa6 28.Nxc8 e5 29.Bg5 Kf8 30.Nd6 Ba3
31.Nb5 Be7 32.c7 Nxc7 33.Bxe7+ Kxe7 34.Nxc7 Kd6 35.Nb5+ Kc5 36.Nc3 Kc4 37.Ne4 f5
38.Ng5 h5 39.h4 Kd5 40.Kf1 e4 41.Ke1  1-0

[Event "TCh-FRA Nat1 GpA"]
[Site "Evry FRA"]
[Date "2004.02.01"]
[Round "3"]
[White "Payen,A"]
[Black "Lautier,J"]
[Result "1/2-1/2"]
[WhiteElo "2386"]
[BlackElo "2676"]

1.d4 Nf6 2.c4 e6 3.g3 d5 4.Nf3 dxc4 5.Bg2 Nc6 6.Qa4 Bb4+ 7.Bd2 Nd5 8.Bxb4 Nxb4
9.O-O Rb8 10.Nc3 a6 11.Ne5 O-O 12.Bxc6 Nxc6 13.Nxc6 bxc6 14.Qxc4 Rxb2 15.Rab1 Rb6
16.Na4 Rb5 17.Nc3 Rb6 18.Na4 Rb5 19.Nc3 Rh5 20.f4 c5 21.dxc5 Qd2 22.Rf3 e5
23.Rd3 Qc2 24.Rbd1 exf4 25.gxf4 h6 26.Rg3 Rh3 27.Qd3 Qxd3 28.Rdxd3 Rxg3+
29.hxg3 Be6 30.Rd4 Rb8 31.Ra4 Rb2 32.Rxa6 Rc2 33.Ra3 g5 34.fxg5  1/2-1/2

[Event "Hrokurinn Rapid"]
[Site "Reykjavic ISL"]
[Date "2004.03.02"]
[Round "6"]
[White "Lautier,J"]
[Black "Sokolov,I"]
[Result "1-0"]
[WhiteElo "2676"]
[BlackElo "2706"]

1.d4 d5 2.c4 c6 3.Nf3 Nf6 4.Nc3 dxc4 5.a4 Bf5 6.e3 e6 7.Bxc4 Bb4 8.O-O O-O
9.Nh4 Bg4 10.Qb3 Qe7 11.f3 Bh5 12.g3 c5 13.d5 exd5 14.Nxd5 Nxd5 15.Bxd5 Nd7
16.e4 Nb6 17.Be3 Rad8 18.Rfd1 Qf6 19.Bxb7 Rxd1+ 20.Rxd1 Bxf3 21.Nxf3 Qxf3
22.Rf1 Qg4 23.a5 Nd7 24.a6 Qe2 25.Rf2 Qe1+ 26.Rf1 Qe2 27.Bf4 Nf6 28.Qf3 Qxb2
29.e5 Nd7 30.Qd5 Nb6 31.Qe4 c4 32.Be3 Be7 33.Rb1 Qa3 34.Bxb6 axb6 35.Qxc4 g6
36.Kh1 Kg7 37.Rf1 Qa5 38.Qd4 Bc5 39.Qa1 Ba3 40.e6+ Kh6 41.Rxf7 Re8 42.e7 Qa4
43.Qg7+ Kg5 44.Qf6+ Kh6 45.Qh4+ Qxh4 46.gxh4  1-0

[Event "ACP Blitz Prelim3"]
[Site "playchess.com INT"]
[Date "2004.04.14"]
[Round "3"]
[White "Lautier,J"]
[Black "Golubev,M"]
[Result "1/2-1/2"]
[WhiteElo "2680"]
[BlackElo "2532"]

1.d4 Nf6 2.c4 g6 3.Nc3 Bg7 4.e4 d6 5.f3 O-O 6.Be3 Nc6 7.Nge2 a6 8.Qd2 Rb8
9.h4 h5 10.Nc1 e5 11.d5 Nd4 12.Nb3 c5 13.dxc6 bxc6 14.Nxd4 exd4 15.Bxd4 Re8
16.Be2 d5 17.e5 Nd7 18.e6 fxe6 19.Bxg7 Kxg7 20.O-O-O Qf6 21.g4 hxg4 22.fxg4 Nc5
23.h5 g5 24.h6+ Kh8 25.Rh5 e5 26.Qe3 Bxg4 27.Rf1 Qe7 28.Bxg4 d4 29.Qg3 dxc3
30.Qxc3 Rxb2 31.Qe3 Reb8 32.Bf5 Rxa2 33.Rxg5 Ra1+ 34.Kc2 Rxf1 35.Rg7 Qh4
36.Rh7+ Kg8 37.Rg7+ Kh8 38.Rh7+ Kg8 39.Rg7+ Kh8  1/2-1/2

[Event "ACP Blitz Prelim3"]
[Site "playchess.com INT"]
[Date "2004.04.14"]
[Round "4"]
[White "Kasimdzhanov,R"]
[Black "Lautier,J"]
[Result "1-0"]
[WhiteElo "2652"]
[BlackElo "2680"]

1.g3 c5 2.Bg2 Nc6 3.d3 g6 4.Nf3 Bg7 5.O-O e5 6.c4 Nge7 7.Nc3 O-O 8.Bg5 f6
9.Bd2 d6 10.a3 Be6 11.b4 cxb4 12.axb4 Nxb4 13.Rb1 Nec6 14.Ne1 a5 15.Nc2 Qd7
16.Nd5 Nxc2 17.Qxc2 Nd4 18.Qd1 Ra7 19.Bc3 Nc6 20.Qd2 f5 21.Rb5 a4 22.Ra1 Kh8
23.Nb6 Qc7 24.Rxa4 Rxa4 25.Nxa4 Ra8 26.Nb6 Ra7 27.h4 Qd8 28.Qb2 Qc7 29.Nd5 Qf7
30.Rb6 Qd7 31.Kh2 Qf7 32.Nb4 Nxb4 33.Qxb4 f4 34.Qxd6 fxg3+ 35.fxg3 Bg4 36.Qb8+  1-0

[Event "ACP Blitz Prelim3"]
[Site "playchess.com INT"]
[Date "2004.04.14"]
[Round "5"]
[White "Lautier,J"]
[Black "Raetsky,A"]
[Result "1-0"]
[WhiteElo "2680"]
[BlackElo "2393"]

1.d4 d5 2.c4 e5 3.dxe5 d4 4.Nf3 Nc6 5.g3 Nge7 6.Bg2 Ng6 7.O-O Ngxe5 8.Nxe5 Nxe5
9.Nd2 Be7 10.Nf3 Nxf3+ 11.Bxf3 O-O 12.Bf4 c5 13.Bd5 Bd6 14.Qd2 Bh3 15.Rfe1 Rb8
16.e4 b5 17.e5 Bc7 18.Qc2 Be6 19.Bxe6 fxe6 20.cxb5 Rxb5 21.b3 Qd5 22.Qe4 h6
23.h4 Qxe4 24.Rxe4 a5 25.Rc1 Ra8 26.Rc4 a4 27.bxa4 Rba5 28.Bd2 Rxa4 29.Rxc5 Rxa2
30.Rxc7 Rxd2 31.Rg4 g5 32.hxg5 h5 33.Rf4 Rf8 34.Rf6 d3 35.Rd7 Re2 36.Rxd3 Rxe5
37.Rg6+ Kf7 38.Rf6+ Kg8 39.Rdf3 Rxf6 40.gxf6 Kf7 41.Rf4 Rf5 42.Ra4 Kxf6 43.Kg2 Kg5
44.Ra6 Kf6 45.Rb6 Rc5 46.Kf3 Rc4 47.Rb5 Kg6 48.Re5 Rc6 49.Kg2 Rb6 50.Kh3 Ra6
51.f4 Rb6 52.Kh4  1-0

[Event "ACP Blitz Prelim3"]
[Site "playchess.com INT"]
[Date "2004.04.14"]
[Round "6"]
[White "Atarov,E"]
[Black "Lautier,J"]
[Result "0-1"]
[WhiteElo "2138"]
[BlackElo "2680"]

1.e4 c5 2.Nf3 Nc6 3.d4 cxd4 4.Nxd4 e5 5.Nb5 d6 6.N1c3 a6 7.Na3 b5 8.Nd5 Nf6
9.Bg5 Be7 10.Bxf6 Bxf6 11.c3 O-O 12.Nc2 Rb8 13.g3 Bg5 14.Bg2 a5 15.a3 Be6
16.h4 Bh6 17.O-O Ne7 18.Nxe7+ Qxe7 19.Qd3 Bc4 20.Qf3 Bxf1 21.Bxf1 Qe6 22.Rd1 Qb3
23.Ne3 Bxe3 24.Qxe3 Qxd1  0-1

[Event "ACP Blitz Prelim3"]
[Site "playchess.com INT"]
[Date "2004.04.14"]
[Round "7"]
[White "Lautier,J"]
[Black "Sharevich,A"]
[Result "1-0"]
[WhiteElo "2680"]
[BlackElo "2240"]

1.d4 d5 2.c4 e6 3.Nc3 Be7 4.cxd5 exd5 5.Bf4 c6 6.e3 Nf6 7.Bd3 O-O 8.Nf3 Bd6
9.Ne5 Qe7 10.Bg3 Nbd7 11.f4 g6 12.Bh4 Qe6 13.O-O Bxe5 14.fxe5 Ng4 15.Qe2 f5
16.Rf3 Nh6 17.Raf1 b5 18.h3 b4 19.Na4 Bb7 20.Rc1 Rfc8 21.Nc5 Nxc5 22.Rxc5 Rc7
23.Rf1 Nf7 24.Bf6 Bc8 25.Qe1 a5 26.Qg3 Kf8 27.Bxf5 gxf5 28.Qg7+ Ke8 29.Qg8+ Kd7
30.Qxh7 Ba6 31.Rf3 Bd3 32.Qh5 Rg8 33.Qh7 Ra8 34.Rf4 Re8 35.Rxa5 Rb7 36.Kh2 Kc7
37.Qh5 Kb6 38.Rc5 Rbb8 39.Qd1 Kc7 40.Qxd3 Ra8 41.a3 bxa3 42.bxa3 Ra4 43.Rxf5 Rea8
44.Rc3 Nh6 45.Rh5 Nf7 46.Rh7  1-0

[Event "ACP Blitz Prelim3"]
[Site "playchess.com INT"]
[Date "2004.04.14"]
[Round "11"]
[White "Lautier,J"]
[Black "Nielsen,PH"]
[Result "0-1"]
[WhiteElo "2680"]
[BlackElo "2628"]

1.d4 Nf6 2.c4 e6 3.Nc3 Bb4 4.Qc2 c5 5.dxc5 Na6 6.a3 Bxc3+ 7.Qxc3 Nxc5 8.b4 Nce4
9.Qd4 d5 10.c5 b6 11.f3 bxc5 12.bxc5 Qa5+ 13.Qb4 Qc7 14.fxe4 Rb8 15.Qa4+ Bd7
16.c6 Qe5 17.cxd7+ Ke7 18.Ra2 Qc3+ 19.Kd1 Ng4 20.Qxa7 Rb1 21.Rc2 Ne3+ 22.Qxe3 Qxe3
23.exd5 Rd8 24.d6+ Kxd6 25.Nf3 Kxd7 26.Nd2 Ke8 27.h4 Qxa3 28.Rh3 Qa4 29.Rc3 Qf4
30.Rf3 Qxh4 31.e3 Qa4 32.Rf4 Rxc1+ 33.Kxc1 Qa1+ 34.Nb1 Rb8 35.Bd3 Rxb1+ 36.Kd2 Rb2
37.Rc4 Rxc2+ 38.Rxc2 Qa5+ 39.Ke2 g6 40.Rb2 h5 41.Kf2 Ke7 42.Be2 Kf6 43.Bf3 h4
44.Rc2 Qe5 45.Ke2 Qg3 46.Rc4 h3 47.Rg4 Qxg4 48.Bxg4 h2  0-1

[Event "ACP Blitz Prelim3"]
[Site "playchess.com INT"]
[Date "2004.04.14"]
[Round "12"]
[White "Lautier,J"]
[Black "Relange,E"]
[Result "1-0"]
[WhiteElo "2680"]
[BlackElo "2505"]

1.d4 Nf6 2.c4 g6 3.Nc3 Bg7 4.e4 d6 5.f3 O-O 6.Be3 e5 7.d5 c6 8.Bd3 a6 9.Nge2 Nbd7
10.O-O cxd5 11.cxd5 Nh5 12.Kh1 Nc5 13.Bc2 f5 14.b4 Nd7 15.exf5 gxf5 16.Bxf5 Rxf5
17.g4 Rf8 18.gxh5 Qh4 19.Ng3 Nf6 20.Nce4 Nxe4 21.Nxe4 Qxh5 22.Nxd6 Bh3 23.Rf2 e4
24.Nxe4 Rae8 25.Bd4 Qxd5 26.Bxg7 Qxd1+ 27.Rxd1 Kxg7 28.Rd7+ Kh6 29.Rd6+ Kg7
30.Kg1 Re7 31.Rd1 Rc7 32.Ng5 Bf5 33.Re2 Kg6 34.h4 Kh5 35.Rd4 Rfc8 36.Re5 Rf8
37.Ne6 Rc1+ 38.Kf2 Rf6 39.Rxf5+ Rxf5 40.Ng7+ Kg6 41.Nxf5 Kxf5 42.Ke3 Rc3+
43.Rd3 Rc4 44.Rd5+ Ke6 45.Rd4 Rc3+ 46.Ke4 Ra3 47.Rc4 Rxa2 48.Rc7 b5 49.Rxh7 Ra4
50.Rh6+ Kf7 51.Ke5 Rxb4 52.f4 a5 53.Ra6 Rb1 54.Rxa5 b4 55.Ra7+ Kg6 56.f5+ Kh5
57.Rh7+ Kg4 58.f6 Re1+ 59.Kd6 Rf1 60.Ke6 Re1+ 61.Kd7 Rd1+ 62.Ke8 Re1+ 63.Re7 Rf1
64.f7  1-0

[Event "ACP Blitz Prelim3"]
[Site "playchess.com INT"]
[Date "2004.04.14"]
[Round "13"]
[White "Landa,K"]
[Black "Lautier,J"]
[Result "0-1"]
[WhiteElo "2550"]
[BlackElo "2680"]

1.d4 d5 2.Nf3 Nf6 3.c4 e6 4.Nc3 c6 5.Bg5 dxc4 6.e4 b5 7.e5 h6 8.Bh4 g5 9.Nxg5 hxg5
10.Bxg5 Nbd7 11.g3 Bb7 12.Bg2 Qb6 13.exf6 O-O-O 14.O-O c5 15.d5 b4 16.Na4 Qa6
17.a3 Bxd5 18.Bxd5 Ne5 19.axb4 Rxd5 20.Qe2 cxb4 21.Bf4 Nd3 22.Nc3 Ra5 23.Rxa5 Qxa5
24.Ne4 Qd5 25.Ra1 a5 26.Qe3 Kb7 27.Ng5 e5 28.Nxf7 Bc5 29.Qe2 Qxf7 30.Qe4+ Kb6
31.Be3 Qxf6  0-1

[Event "ACP Blitz Prelim3"]
[Site "playchess.com INT"]
[Date "2004.04.14"]
[Round "14"]
[White "Lautier,J"]
[Black "Fressinet,L"]
[Result "1-0"]
[WhiteElo "2680"]
[BlackElo "2638"]

1.d4 d5 2.c4 c6 3.Nc3 Nf6 4.e3 a6 5.Nf3 b5 6.c5 Bg4 7.h3 Bxf3 8.Qxf3 Nbd7
9.g4 e5 10.g5 e4 11.Qg2 Ng8 12.h4 g6 13.f3 exf3 14.Qxf3 Bg7 15.Bh3 h6 16.Bd2 Ne7
17.O-O-O h5 18.Be1 O-O 19.Bg3 f5 20.gxf6 Nxf6 21.Be6+ Kh7 22.Bf4 b4 23.Ne2 Ne4
24.Ng3 Nxg3 25.Qxg3 Nf5 26.Qh2 Qf6 27.Bd7 Rad8 28.Bg5 Qf7 29.Bxc6 Rc8 30.Ba4 Qe6
31.Bc2 Bf6 32.Bxf5 Qxf5 33.Rhf1 Qe6 34.Bxf6 Rxf6 35.Rxf6 Qxf6 36.Qf4 Qe6
37.Rf1 Kg7 38.Kd2 a5 39.Qg5 a4 40.Rg1 b3 41.Qxh5 Qe4 42.Qe5+ Qxe5 43.dxe5 Rxc5
44.axb3 axb3 45.Kd3 Rc2 46.h5 Rxb2 47.Rxg6+ Kh7 48.Rb6 Rb1 49.e6 Kg7 50.h6+ Kf6
51.h7 Rh1 52.e7+ Kxe7 53.Rxb3 Kf7 54.Rb7+ Kg6 55.Kd4 Rh5 56.Rd7 Kf6 57.Ra7 Kg6
58.Rb7 Kf6 59.Rb6+ Kg7 60.Rb7+ Kg6 61.Kc5 Kf6 62.Kd6 Kg6 63.Ke6 Rh3 64.Kxd5 Rh5+
65.Kd4 Rh4+ 66.Kd5 Rh5+ 67.Kd6 Rh4 68.Ke5 Rh5+ 69.Ke6 Rh4 70.Kd6 Rh5 71.e4 Kf6
72.e5+ Kf5 73.Rf7+ Kg6 74.e6 Rh1 75.Ke7 Rh2 76.Kf8  1-0

[Event "ACP Blitz Final"]
[Site "playchess.com INT"]
[Date "2004.04.17"]
[Round "1.2"]
[White "Shipov,S"]
[Black "Lautier,J"]
[Result "1/2-1/2"]
[WhiteElo "2593"]
[BlackElo "2680"]

1.d4 Nf6 2.c4 e6 3.Nc3 Bb4 4.Qc2 d5 5.cxd5 exd5 6.Bg5 c5 7.dxc5 h6 8.Bxf6 Qxf6
9.e3 O-O 10.Ne2 Be6 11.a3 Bxc5 12.Nf4 Rc8 13.Nfxd5 Bxd5 14.Nxd5 Bb4+ 15.axb4 Rxc2
16.Nxf6+ gxf6 17.b3 Nc6 18.Bd3 Rb2 19.b5 Nb4 20.Bf5 Rxb3 21.O-O a5 22.bxa6 Rxa6
23.Rab1 Raa3 24.h4 Nd5 25.Bc2 Rb4 26.Rfd1 Rc3 27.Bf5 b6 28.Rxb4 Nxb4 29.Rd8+ Kg7
30.Rb8 Rc6 31.g4 Na6 32.Rb7 Nc5 33.Rb8 Na6 34.Rb7 Nc5 35.Rb8 Na6  1/2-1/2

[Event "ACP Blitz Final"]
[Site "playchess.com INT"]
[Date "2004.04.17"]
[Round "1.4"]
[White "Shipov,S"]
[Black "Lautier,J"]
[Result "1/2-1/2"]
[WhiteElo "2593"]
[BlackElo "2680"]

1.d4 d5 2.c4 e6 3.Nc3 c6 4.e4 dxe4 5.Nxe4 Bb4+ 6.Bd2 Qxd4 7.Bxb4 Qxe4+ 8.Be2 Na6
9.Ba5 Bd7 10.Nf3 Ne7 11.O-O f6 12.Re1 Qf4 13.Bd3 c5 14.Be4 Nc6 15.Bxc6 Bxc6
16.Rxe6+ Kf7 17.Rxc6 bxc6 18.Qd7+ Kg6 19.Qxc6 Nb4 20.Qxc5 Nd3 21.Qd5 Nxb2
22.g3 Qxc4 23.Nh4+ Kh6 24.Qd2+ g5 25.Qxb2 Rhf8 26.Nf5+ Kg6 27.Ne3 Qe4 28.Qc2 Rfe8
29.Rc1 Rab8 30.Qxe4+ Rxe4 31.Rc6 Ra4 32.Bc3 Rb6 33.Rc7 h5 34.Nd5 Re6 35.Ne7+ Kf7
36.Nd5+ Kg6 37.Ne7+ Kh6 38.Ng8+ Kg6 39.Ne7+  1/2-1/2

[Event "Coupe de France"]
[Site "Paris FRA"]
[Date "2004.05.22"]
[Round "4"]
[White "Lautier,J"]
[Black "Vernay,C"]
[Result "1-0"]
[WhiteElo "2680"]
[BlackElo "2175"]

1.c4 e5 2.Nc3 Nf6 3.Nf3 Nc6 4.g3 d5 5.cxd5 Nxd5 6.Bg2 Nb6 7.O-O Be7 8.Rb1 O-O
9.b4 Bf5 10.b5 Nd4 11.d3 Nd7 12.Be3 Bf6 13.Nd5 Nc5 14.Nxd4 exd4 15.Bd2 Be5
16.Qc2 Ne6 17.a4 Re8 18.a5 Bd6 19.Rfe1 Qd7 20.Qc4 Rac8 21.Nb4 Bxb4 22.Rxb4 c5
23.bxc6 bxc6 24.a6 Rc7 25.Rb7 Rec8 26.Reb1 Nd8 27.Rxc7 Rxc7 28.Rb8 Be6 29.Qc5  1-0

[Event "3rd ACP Blitz Prelim4"]
[Site "playchess.com INT"]
[Date "2004.06.03"]
[Round "2"]
[White "Lautier,J"]
[Black "Polaczek,R"]
[Result "1-0"]
[WhiteElo "2680"]
[BlackElo "2426"]

1.d4 d5 2.c4 c6 3.Nc3 Nf6 4.Nf3 dxc4 5.a4 Bf5 6.e3 e6 7.Bxc4 Bb4 8.O-O O-O
9.Nh4 Nbd7 10.Nxf5 exf5 11.Qc2 g6 12.f3 c5 13.Qf2 Re8 14.Kh1 a6 15.Bd2 cxd4
16.exd4 Nb6 17.Bb3 Nfd5 18.Nxd5 Nxd5 19.Bxd5 Bxd2 20.Bxf7+ Kxf7 21.Qxd2 Rc8
22.d5 Qd6 23.Rad1 Rc4 24.b3 Rb4 25.Qh6 Kg8 26.Rfe1 Rd8 27.Qe3 Rh4 28.Qe6+ Qxe6
29.dxe6 Re8 30.Re3 Rb4 31.g3 Rb6 32.e7 Kf7 33.Rd7 Rb4 34.f4 b5 35.a5 Re4
36.Rxe4 fxe4 37.Kg2 Ke6 38.Ra7 Kd5 39.Kf2 Kd4 40.Rc7 Kd3 41.Ke1 Ke3 42.b4 Kd3
43.g4 Kd4 44.Ke2 e3 45.Kf3 Kd3 46.Rd7+ Kc4 47.f5 gxf5 48.gxf5  1-0

[Event "3rd ACP Blitz Prelim4"]
[Site "playchess.com INT"]
[Date "2004.06.03"]
[Round "3"]
[White "Shipov,S"]
[Black "Lautier,J"]
[Result "1-0"]
[WhiteElo "2593"]
[BlackElo "2680"]

1.d4 d5 2.c4 dxc4 3.Nf3 a6 4.e3 e6 5.Bxc4 c5 6.O-O Nf6 7.e4 b5 8.Bd3 Bb7
9.Re1 cxd4 10.a4 bxa4 11.e5 Nd5 12.Bg5 Be7 13.Bxe7 Nxe7 14.Rxa4 Nbc6 15.Nxd4 O-O
16.Nxc6 Nxc6 17.Nc3 Qg5 18.Rg4 Qh6 19.g3 f5 20.exf6 Qxf6 21.Rf4 Qd8 22.Rxf8+ Qxf8
23.Qh5 g6 24.Qh4 Rd8 25.Be4 Rd7 26.Bg2 Qd8 27.Qc4 Nd4 28.Bxb7 Rxb7 29.Re4 Rd7
30.Kg2 Qb6 31.b4 Kg7 32.Na4 Qc6 33.Qxc6 Nxc6 34.Nc5 Rd6 35.Nxe6+ Kf6 36.Nc5 a5
37.bxa5 Nxa5 38.Rf4+ Kg7 39.Ra4 Nc6 40.Ra6 Rf6 41.h4 Nd4 42.Ra7+ Rf7 43.Ra4 Nf5
44.Ne4 h6 45.Ra6 Re7 46.Nc5 Kf7 47.Nd3 Kg7 48.Nf4 g5 49.hxg5 hxg5 50.Rg6+ Kf7
51.Rxg5 Kf6 52.Rh5 Re1 53.Nd5+ Kg6 54.Nf4+ Kf6 55.g4 Nd4 56.Rd5 Re4 57.g5+ Kf7
58.Kg3 Nc6 59.f3 Ra4 60.Rd7+ Ke8 61.Rc7 Ne5 62.Nd5 Kf8 63.Rc3 Rd4 64.Ne3 Kf7
65.f4 Nd3 66.Rc7+ Kg6 67.Ng2 Ra4 68.Kg4 Ne5+ 69.Kh4 Nf3+ 70.Kg4 Ne5+ 71.Kg3 Ra3+
72.Kf2 Ng4+ 73.Ke2 Ra2+ 74.Kf3 Nh2+ 75.Kg3 Nf1+ 76.Kh3 Ra3+ 77.Kh4 Nh2 78.Rc6+ Kf5
79.Rf6+ Ke4 80.g6 Nf3+ 81.Kh5 Nd4 82.g7 Rg3 83.Rg6 Rh3+ 84.Kg4 Rh2 85.Kg3  1-0

[Event "3rd ACP Blitz Prelim4"]
[Site "playchess.com INT"]
[Date "2004.06.03"]
[Round "8"]
[White "Berg,E"]
[Black "Lautier,J"]
[Result "1-0"]
[WhiteElo "2495"]
[BlackElo "2680"]

1.e4 c5 2.Nf3 Nc6 3.d4 cxd4 4.Nxd4 e5 5.Nb5 d6 6.c4 Be7 7.N1c3 a6 8.Na3 f5
9.Nd5 Nf6 10.Be3 O-O 11.Bb6 Qd7 12.Be3 Rb8 13.exf5 Qxf5 14.Nxe7+ Nxe7 15.Qxd6 Nc6
16.Bd3 Qg4 17.Be2 Qxg2 18.O-O-O Bf5 19.Rhg1 Qh3 20.Rg3 Qxh2 21.Rdg1 Bg6 22.Bf3 Ne8
23.Qe6+ Bf7 24.Qg4 h5 25.Qg5 h4 26.R3g2 Qh3 27.Bg4 Qxg2 28.Rxg2 Rd8 29.Qxh4 Nf6
30.Bf5 Be8 31.Be6+  1-0

[Event "3rd ACP Blitz Prelim4"]
[Site "playchess.com INT"]
[Date "2004.06.03"]
[Round "13"]
[White "Polaczek,R"]
[Black "Lautier,J"]
[Result "0-1"]
[WhiteElo "2426"]
[BlackElo "2680"]

1.d4 d5 2.Bg5 g6 3.c4 dxc4 4.Nf3 Bg7 5.e3 Nf6 6.Bxc4 O-O 7.Nc3 Nbd7 8.O-O c5
9.Re1 b6 10.d5 h6 11.Bh4 g5 12.Bg3 Nh5 13.e4 Nxg3 14.hxg3 Ne5 15.Nxe5 Bxe5
16.Qd2 Qd6 17.Rf1 g4 18.Ne2 Qg6 19.Bd3 Qg5 20.Qxg5+ hxg5 21.Rab1 Bd7 22.f4 gxf3
23.gxf3 f6 24.f4 Bd6 25.Kg2 Kg7 26.Nc3 Rh8 27.Rf2 Bh3+ 28.Kf3 Bd7 29.Bb5 g4+
30.Kg2 Rad8 31.Bxd7 Rxd7 32.Re1 c4 33.Rd2 Rh5 34.Rd4 Rc7 35.a4 a6 36.Ra1 Bb4
37.Ne2 Rc8 38.Rh1 Rxh1 39.Kxh1 b5 40.axb5 axb5 41.e5 Bc5 42.Re4 f5  0-1

[Event "3rd ACP Blitz Prelim4"]
[Site "playchess.com INT"]
[Date "2004.06.03"]
[Round "19"]
[White "Lautier,J"]
[Black "Berg,E"]
[Result "1/2-1/2"]
[WhiteElo "2680"]
[BlackElo "2495"]

1.d4 Nf6 2.c4 c5 3.d5 b5 4.Nf3 g6 5.cxb5 a6 6.b6 Bg7 7.Nc3 Qxb6 8.e4 d6 9.Nd2 O-O
10.Be2 a5 11.Nc4 Qc7 12.O-O Ba6 13.Qc2 Nbd7 14.a4 Rfb8 15.Bd2 Ne8 16.b3 Ne5
17.Rab1 Qd8 18.Nxe5 Bxe5 19.Bxa6 Rxa6 20.Nb5 Nc7 21.Na3 Bd4 22.Nc4 Ne8 23.Kh1 Nf6
24.h3 Nd7 25.Qd3 Ra7 26.f4 Qc7 27.Qg3 Nf6 28.Qf3 Nd7 29.Qe2 Re8 30.Qe1 Rea8
31.Rf3 Nf6 32.f5 Nd7 33.Qh4 Bf6 34.Bg5 Bxg5 35.Qxg5 Nf6 36.fxg6 fxg6 37.e5 dxe5
38.Nxe5 Kg7 39.Rbf1 Rf8 40.Nc6 Rb7 41.Re1 Qd6 42.Re5 Rd7 43.Rd3 Qc7 44.Qe3 Rf7
45.Qxc5 Nh5 46.Rd1 Ng3+ 47.Kg1 Nf5 48.Qc3 Kg8 49.Rde1 Qb6+ 50.Kh2 Rb7 51.Nxa5 Rc7
52.Nc4 Qc5 53.d6 Qxd6 54.Nxd6 Rxc3 55.Nxf7 Kxf7 56.Rb5 Nd4 57.Rd5 Nxb3 58.Rd7 Nc5
59.Rdxe7+ Kf6 60.Rc7 Nxa4 61.Rxc3 Nxc3 62.Kg3 Nd5 63.Kf3 h5 64.Ke4 Nc3+ 65.Kd4 Nb5+
66.Kc5 Nc3 67.Kd6 Nb5+ 68.Kd7 Nd4 69.Kd6 Nf5+ 70.Kd5 Ne7+ 71.Ke4 Nf5 72.Kf4 Nd4
73.Re4 Ne6+ 74.Kg3 Kf5 75.Re1 Ng5 76.h4 Ne4+ 77.Kf3 Nd2+ 78.Ke3 Nc4+ 79.Kd4 Nd6
80.Re5+ Kf4 81.Kd5 Nf5 82.Ke6 Nxh4 83.Kf6 Nxg2 84.Ra5 h4 85.Kxg6 h3 86.Rh5 Kg4
87.Rxh3 Nf4+ 88.Kf6 Nxh3  1/2-1/2

[Event "ch-FRA"]
[Site "Val d'Isere FRA"]
[Date "2004.08.18"]
[Round "3"]
[White "Sokolov,And1"]
[Black "Lautier,J"]
[Result "0-1"]
[WhiteElo "2583"]
[BlackElo "2666"]

1.e4 c5 2.Nf3 Nc6 3.d4 cxd4 4.Nxd4 Nf6 5.Nc3 e5 6.Ndb5 d6 7.Bg5 a6 8.Na3 b5
9.Bxf6 gxf6 10.Nd5 f5 11.c3 Bg7 12.Nxb5 axb5 13.Bxb5 Bb7 14.Nb4 Qd7 15.exf5 Kf8
16.O-O Rg8 17.g3 Ra5 18.Bxc6 Bxc6 19.Nxc6 Qxc6 20.Re1 Bf6 21.a4 e4 22.Qd2 Kg7
23.Ra3 Rga8 24.Rea1 Rxa4 25.Rxa4 Rxa4 26.Rxa4 Qxa4 27.Qxd6 Qa1+ 28.Kg2 Qxb2
29.Qf4 Qe2 30.h4 h6 31.Kh3 Bxc3 32.g4 Bf6 33.g5 hxg5 34.hxg5 Qh5+ 35.Qh4 Qf3+  0-1

[Event "ch-FRA"]
[Site "Val d'Isere FRA"]
[Date "2004.08.20"]
[Round "5"]
[White "Maze,S"]
[Black "Lautier,J"]
[Result "0-1"]
[WhiteElo "2497"]
[BlackElo "2666"]

1.e4 c5 2.Nf3 e6 3.c4 Nc6 4.Nc3 e5 5.g3 g6 6.Bg2 Bg7 7.a3 Nge7 8.O-O O-O
9.d3 d6 10.b4 f5 11.b5 Nd4 12.Bg5 Ne6 13.exf5 gxf5 14.Nd5 Nxg5 15.Nxg5 h6
16.Nxe7+ Qxe7 17.Bd5+ Kh8 18.Nf3 Bf6 19.Qd2 Qg7 20.Rab1 Rb8 21.Kh1 b6 22.Ne1 Bd7
23.Ng2 Rbe8 24.f3 Re7 25.Qf2 Qg6 26.Rbe1 Rg7 27.f4 Qh5 28.Ne3 exf4 29.Qxf4 Be5
30.Bf3 Qg5 31.Qxg5 hxg5 32.Bc6 Bc8 33.Ng4 Bd4 34.Bd5 Bc3 35.Rc1 Bb2 36.Rc2 Bd4
37.Kg2 Re7 38.Bc6 Kg7 39.Nf2 Rh8 40.g4 fxg4 41.Ne4 g3 42.Kh1 Bh3 43.Rf3 Bf2
44.Rcxf2 gxf2 45.Rxf2 Rf8 46.Kg1 Ref7  0-1

[Event "ch-FRA"]
[Site "Val d'Isere FRA"]
[Date "2004.08.22"]
[Round "7"]
[White "Le Roux,JP"]
[Black "Lautier,J"]
[Result "0-1"]
[WhiteElo "2489"]
[BlackElo "2666"]

1.d4 Nf6 2.c4 e6 3.Nc3 Bb4 4.e3 c5 5.a3 Bxc3+ 6.bxc3 Nc6 7.Bd3 d6 8.Ne2 e5
9.O-O O-O 10.f3 b6 11.Ra2 Ba6 12.Rd2 Qc7 13.Ng3 Na5 14.Nf5 Bxc4 15.e4 Be6
16.g4 Nb3 17.Rg2 cxd4 18.g5 Nh5 19.f4 Nxc1 20.Qxh5 Nxd3 21.Nh6+ Kh8 22.f5 Nf4
23.Rxf4 exf4 24.g6 fxg6 25.fxg6 gxh6  0-1

[Event "ch-FRA"]
[Site "Val d'Isere FRA"]
[Date "2004.08.23"]
[Round "8"]
[White "Lautier,J"]
[Black "Apicella,M"]
[Result "1-0"]
[WhiteElo "2666"]
[BlackElo "2532"]

1.d4 Nf6 2.c4 g6 3.Nc3 Bg7 4.e4 d6 5.f3 O-O 6.Be3 Nbd7 7.Qd2 c5 8.Nh3 cxd4
9.Bxd4 a6 10.Nf2 Qc7 11.Rc1 e6 12.Be2 b6 13.O-O Bb7 14.Rfd1 Rfd8 15.Be3 Bf8
16.Kh1 Rac8 17.Bg5 Re8 18.Bf1 Qb8 19.Qd4 Be7 20.Bh6 Rc5 21.Qd2 Rcc8 22.b3 Bd8
23.Qb2 Rc5 24.Bf4 Bc7 25.Qd2 d5 26.Bxc7 Rxc7 27.cxd5 exd5 28.Nxd5 Nxd5 29.Rxc7 Qxc7
30.exd5 h5 31.d6 Qc5 32.Rc1 Qf5 33.Rc7 Ba8 34.Kg1 Ne5 35.Re7 Rd8 36.Qe3 Nxf3+
37.gxf3 Bxf3 38.Re5 Qf6 39.Re8+ Rxe8 40.Qxe8+ Kg7 41.Qe7 Bc6 42.Qxf6+ Kxf6
43.Bh3 g5 44.Bc8 a5 45.Nd3 a4 46.Nb4 axb3 47.axb3 Bf3 48.Kf2 g4 49.Kg3  1-0

[Event "ch-FRA"]
[Site "Val d'Isere FRA"]
[Date "2004.08.26"]
[Round "11"]
[White "Lautier,J"]
[Black "Dorfman,J"]
[Result "1/2-1/2"]
[WhiteElo "2666"]
[BlackElo "2599"]

1.e4 c5 2.Nf3 Nc6 3.d4 cxd4 4.Nxd4 Qc7 5.Nc3 e6 6.Be2 Nf6 7.O-O a6 8.Be3 Be7
9.f4 d6 10.Qe1 O-O 11.Qg3 Nxd4 12.Bxd4 b5 13.a3 Bb7 14.Rae1 Rae8 15.Kh1 Bc6
16.Bf3 Kh8 17.Nd1 Rg8 18.Nf2 Nd7 19.Bh5 Ref8 20.Ng4 Bf6 21.Bxf6 Nxf6 22.Nxf6 gxf6
23.Qc3 e5 24.fxe5 fxe5 25.Bxf7 Rxf7 26.Rxf7 Qxf7 27.Qxc6 Qf2 28.Rg1 Rg6 29.Qc3 Kg7
30.Qd3 h5 31.h3 h4 32.b4 Kh7 33.Qf3 Qxf3 34.gxf3 Rf6 35.Kg2 Rf8 36.c3 Rc8
37.Rc1 Kg6 38.Kf2 Kf6 39.Ke3 Ke6 40.f4 exf4+ 41.Kxf4 Rc4 42.Ke3 Ke5 43.Kd3  1/2-1/2

[Event "ch-FRA Top 16 GpA"]
[Site "Mulhouse FRA"]
[Date "2005.02.04"]
[Round "1"]
[White "Lautier,J"]
[Black "Chuchelov,V"]
[Result "1-0"]
[WhiteElo "2678"]
[BlackElo "2571"]

1.d4 Nf6 2.c4 e6 3.Nc3 Bb4 4.Qc2 d5 5.cxd5 exd5 6.Bg5 h6 7.Bh4 c5 8.dxc5 g5
9.Bg3 Ne4 10.e3 Qa5 11.Ne2 Bf5 12.Be5 O-O 13.Nd4 Nxc3 14.Qxf5 Ne4+ 15.Ke2 Bxc5
16.Nb3 Qa6+ 17.Kd1 Qa4 18.f3 Nc6 19.fxe4 Rfe8 20.Bc3 Bxe3 21.exd5 Nd4 22.Qf6 Re4
23.Bd3 Rf4 24.Qxh6 Rh4 25.Qf6 Rc8 26.Rf1 Qd7 27.Nxd4 Rxd4 28.Bxd4  1-0

[Event "ch-FRA Top 16 GpA"]
[Site "Mulhouse FRA"]
[Date "2005.02.05"]
[Round "2"]
[White "Mensch,E"]
[Black "Lautier,J"]
[Result "0-1"]
[WhiteElo "2360"]
[BlackElo "2678"]

1.d4 d5 2.c4 e6 3.Nc3 c6 4.e3 Bd6 5.Nf3 f5 6.Ne5 Nf6 7.f4 O-O 8.cxd5 exd5
9.Be2 Be6 10.O-O c5 11.Nb5 Nc6 12.Nxd6 Qxd6 13.b3 cxd4 14.Nxc6 bxc6 15.Qxd4 c5
16.Ba3 Ne4 17.Qb2 Rfd8 18.Bf3 d4 19.Bxe4 fxe4 20.f5 Bf7 21.exd4 Qxd4+ 22.Kh1 e3
23.Qe2 Qe4 24.Rae1 Rd3 25.f6 Re8 26.Bxc5 Rd2 27.Qf3 e2 28.Rg1 Rxa2 29.Qg3 Qg6
30.Qf2 Qxf6 31.Bxa7 Qxf2 32.Bxf2 Bxb3 33.h3 Rf8 34.Bc5 Rf5 35.Bb4 Bc4 36.Rc1 Rf1
37.Rxc4 Raa1 38.Rc8+ Kf7 39.Rf8+ Kg6 40.Rgxf1 exf1=Q+ 41.Rxf1 Rxf1+ 42.Kh2 Kf5
43.Bc3 g6 44.Bg7 Ke4 45.Kg3 Ke3 46.Kg4 Kf2 47.g3 Kg2 48.Be5 Rf5 49.Bd6 Rh5
50.h4 Rf5  0-1

[Event "ch-FRA Top 16 GpA"]
[Site "Noyon FRA"]
[Date "2005.03.31"]
[Round "4"]
[White "Lautier,J"]
[Black "Saatdjian,T"]
[Result "1-0"]
[WhiteElo "2678"]
[BlackElo "2082"]

1.d4 Nf6 2.c4 c5 3.d5 b5 4.Nf3 Bb7 5.Qc2 Na6 6.Nc3 Nb4 7.Qd1 bxc4 8.e4 Nd3+
9.Bxd3 cxd3 10.O-O d6 11.Qxd3 Qb6 12.Re1 Rd8 13.Qc2 e5 14.b4 cxb4 15.Qa4+ Rd7
16.Be3 Qd8 17.Qxb4 Be7 18.Bxa7 O-O 19.a4 Nh5 20.Be3 f5 21.exf5 Rxf5 22.a5 Nf4
23.a6 Ba8 24.Qe4 Qf8 25.a7 Rc7 26.Nb5 Qd8  1-0